LEADER 00883nam0-22002891i-450- 001 990007941280403321 005 20041103113310.0 035 $a000794128 035 $aFED01000794128 035 $a(Aleph)000794128FED01 035 $a000794128 100 $a20041103d1967----km-y0itay50------ba 101 0 $aeng 102 $aGB 105 $ay-------001yy 200 1 $aConsequences of utilitarianism$ea study in normative ethics and legal theory [seguono] Appendix: critique of ideal-rube-utilitarianism. Bibliographical index 210 $aOxford$cClarendon Press$d1967 215 $aVI, 187 p.$d8 676 $a171.5$v11 rid.$zita 700 1$aHodgson,$bD. H.$0424312 801 0$aIT$bUNINA$gRICA$2UNIMARC 901 $aBK 912 $a990007941280403321 952 $aXI C H 25$b998$fDFD 959 $aDFD 996 $aConsequences of utilitarianism$9749505 997 $aUNINA LEADER 01119nam0-22003371i-450 001 990004023330403321 005 20190416125428.0 035 $a000402333 100 $a19990604d1982----km-y0itay50------ba 101 0 $aita 102 $aIT 105 $ay y 101cy 200 1 $aEpigrafia e ordine senatorio$eatti del Colloquio Internazionale AIEGL, Roma,14-20 maggio 1981 210 $aRoma$cEdiz. di Storia e Letteratura$d1982 215 $a2 v.$d27 cm 225 1 $aTituli$v4$v5 610 0 $aSenatori romani$aSec. 1. a. C. -3.$aFonti epigrafiche 676 $a471.7 676 $a937 712 02$aAssociation internationale d'épigraphie grecque et latine$eRoma$f1981 801 0$aIT$bUNINA$gRICA$2UNIMARC 901 $aBK 912 $a990004023330403321 952 $aP2E ROMA AIEGL (1) 1982$bDIP.DISC.ST.723$fFLFBC 952 $aP2E ROMA AIEGL (2) 1982$bDIP.DISC.ST.723$fFLFBC 952 $aDDR-XXII Ca 001 (1)$b1/86 ddr$fDDR$m21-7935 952 $aDDR-XXII Ca 001 (2)$b1/86 ddr$fDDR$m21-7936 959 $aFLFBC 959 $aDDR 996 $aEpigrafia e ordine senatorio$9470358 997 $aUNINA